Educación elemental, analfabetismo y desarrollo

Uloženo v:
Podrobná bibliografie
Hlavní autor: Hamuy, Eduardo (Autor)
Médium: Kniha
Jazyk:španělština
Vydáno: Santiago Universitaria 1960
Témata:
Tagy: Přidat tag
Žádné tagy, Buďte první, kdo vytvoří štítek k tomuto záznamu!

MARC

LEADER 00000nam a2200000 a 4500
001 UCZ9768
003 CL-VaPUC
008 960311e19600000CL |||||||||||||||||spa|d
082 0 4 |a 379.24  |b HAM  |2 21 
100 |a Hamuy, Eduardo  |e author  |9 401925 
245 1 0 |a Educación elemental, analfabetismo y desarrollo 
300 |a 87 p 
942 |c BK 
945 |d 19960311 00:00:00  |a cmena 
260 |a Santiago  |b Universitaria  |c 1960 
650 0 |a Analfabetismo  |9 324360 
650 0 |a Desarrollo económico  |9 259599 
650 0 |a Sistemas educacionales  |9 324695 
650 0 |a Educación básica   |9 224933 
650 0 |a Programas de alfabetización   |9 335611 
650 0 |a Política educacional  |9 308011 
583 |a last modification  |c 19960311 00:00:00  |k Rodrigo Vera 
999 |c 244836  |d 244834 
952 |0 0  |1 0  |4 0  |6 379_240000000000000_HAM_1960  |7 0  |8 P  |9 259082  |a BIBEDU  |b BIBEDU  |c BIBEDU_PB  |d 2019-11-19  |i 1629581  |o 379.24 HAM 1960  |p 1629581  |r 2024-01-25  |w 2019-11-19  |y BK  |k EDU 
952 |0 0  |1 0  |4 0  |6 379_240000000000000_HAM_1960  |7 0  |8 A  |9 259083  |a FDOPOS  |b FDOPOS  |d 2019-11-19  |i 4269098  |o 379.24 HAM 1960  |p 4269098  |r 2025-01-22  |w 2019-11-19  |y BK  |k MLA